Letras sueltas /
En este libro, las letras cobran vida. Estos poemas, a veces más cerca del haiku y otras del caligrama, imaginan caprichos, paisajes y costumbres para cada una de ellas. Max Cachimba se suma al juego. Cada ilustración es una fábula gráfica: la recorremos fragmento a fragmento, como un tablero del ju...
Guardado en:
| Autor Principal: | |
|---|---|
| Otros Autores: | |
| Formato: | Libro |
| Idioma: | Undetermined |
| Publicado: |
Buenos Aires :
Ojoreja,
2023.
|
| Edición: | 1a ed. |
| Series: | Identidades bonaerenses
|
| Materias: | |
| Etiquetas: |
Agregar Etiqueta
Sin Etiquetas, Sea el primero en etiquetar este registro!
|
| LEADER | 01946nam a22003015a 4500 | ||
|---|---|---|---|
| 001 | CEM.cems024879 | ||
| 008 | 250825s2023####ag############000#0#und#d | ||
| 005 | 20260407094554.0 | ||
| 245 | 1 | 0 | |a Letras sueltas / |c Juan Lima ; ilustrado por Max Cachimba. |
| 250 | |a 1a ed. | ||
| 260 | |a Buenos Aires : |b Ojoreja, |c 2023. | ||
| 300 | |a 56 p. | ||
| 490 | 1 | |a Identidades bonaerenses | |
| 500 | |a Edición especial de la Dirección de Cultura y Educación de la Provincia de Buenos Aires. | ||
| 500 | |a Sugerencia de edad: a partir de ciclo básico. | ||
| 520 | |a En este libro, las letras cobran vida. Estos poemas, a veces más cerca del haiku y otras del caligrama, imaginan caprichos, paisajes y costumbres para cada una de ellas. Max Cachimba se suma al juego. Cada ilustración es una fábula gráfica: la recorremos fragmento a fragmento, como un tablero del juego de la oca. Si Rimbaud le puso colores a las vocales, el poeta Lima y el ilustrador Cachimba van más lejos y agregan a vocales y consonantes no solo colores, sino su flora y su fauna y su singular psicología. Juan Lima, poeta bonaerense, ha recibido numerosos premios, entre ellos el segundo Premio Nacional de Literatura, Destacado Alija y Premio Fundación Konex. Volver a jugar. ¡Y con ganas! ¡Muchas ganas! Porque eso también es la poesía: juego. De ahí las múltiples posibilidades que nos puede brindar el abecedario. | ||
| 020 | |a 9789873969706 | ||
| 100 | 1 | |a Lima, Juan. | |
| 700 | 1 | |a Cachimba, Max; il. | |
| 653 | |a Poesía argentina | ||
| 653 | |a Literatura argentina | ||
| 653 | |a Poesía infantil | ||
| 653 | |a Libro álbum | ||
| 653 | |a Identidades bonaerenses | ||
| 859 | |a CEMS |b BIB. CEMS - Agricultura |h A861.4 |i L628 |p A4053.25 |t Ej.1 | ||
| 859 | |a CEMS |b BIB. CEMS - Ccias. Educacion |h A861.4 |i L628 |k CE |p 30320.25 |t Ej.1 | ||
| 859 | |a CEMS |b BIB. CEMS - 11 de abril |h A861.4 |i L628 |p 30318.25 |t Ej.1 | ||
| 859 | |a CEMS |b BIB. CEMS - 11 de abril |h A861.4 |i L628 |p 30319.25 |t Ej.2 | ||
